Esperienza storica femminile nell'età moderna e contemporanea.

Enregistré dans:
Détails bibliographiques
Format: Livre
Langue:italien
Publié: Roma : La goccia, 1989
Tags: Ajouter un tag
Pas de tags, Soyez le premier à ajouter un tag!

MARC

LEADER 00000nam a2200000 ic4500
001 IT\ICCU\IEI\0019957
003 ItRI
005 20260115232445.0
008 900403s1989 it |||||| ||||| |||||c
040 |b ita  |c importazione bologna sebina 
041 7 |a ita  |2 ISO-639-2 
245 0 0 |a Esperienza storica femminile nell'età moderna e contemporanea.  |c a cura di Anna Maria Crispino. 
260 |a Roma :  |b La goccia,  |c 1989 
300 |a 210 p. , [8] c. di tav. :  |b ill. ;  |c 24 cm. 
773 0 |w IT\ICCU\IEI\0019944  |t Esperienza storica femminile nell'età moderna e contemporanea  |g 2 
942 |2 ddc  |c BK  |n 0 
952 |0 0  |1 0  |4 0  |6 DOC_305_420000000000000_CRI  |7 0  |9 26107  |a BO  |b BO  |d 2026-01-15  |i 20822  |l 0  |o DOC 305.42 CRI  |p BO20822  |r 2026-01-15 23:24:45  |w 2026-01-15  |x [Sebina 5] [2 V.]  |y BK  |z 1 v. 
999 |c 22095  |d 22095